Be My Valentine! Quiz Stats

 Plays Quiz Updated Nov 5, 2018

Score 0/30 Timer 10:00
3 Plays Today
Row Actress or Character % Correct
1Barbara Luddy as Lady
90.1%
4Olivia Newton-John as Sandy Olsson
82.1%
3Kate Winslet as Rose DeWitt Bukater
78.4%
2Jennifer Grey as Frances 'Baby' Houseman
72.1%
1Julia Roberts as Vivian Ward
68%
1Demi Moore as Molly Jensen
66.7%
1Vivien Leigh as Scarlett O'Hara
61.4%
5Meg Ryan as Sally Albright
55.9%
4Kirsten Dunst as Mary Jane Watson
53.1%
4Elissa Knight as EVE
49.1%
5Rachel McAdams as Allie Calhoun
47.2%
2Anne Bancroft as Mrs. Robinson
46.9%
1Winona Ryder as Kim Boggs
45.5%
2Ingrid Bergman as Ilsa Lund
39.7%
2Cher as Loretta Castorini
38.7%
Row Actress or Character % Correct
3Robin Wright as Buttercup
35.3%
3Fay Wray as Ann Darrow
33.9%
3Eva Mendes as Sara Melas
33.9%
4Ginger Rogers as Mimi Glossop
31.2%
2Maureen O'Sullivan as Jane Parker
29.6%
2Barbra Streisand as Katie Morosky
28.7%
1Debra Winger as Paula Pokrifki
27.9%
5Olivia Hussey as Juliet Capulet
27%
5Ali MacGraw as Jennifer Cavalleri
26.9%
5Audrey Hepburn as Holly Golightly
25.9%
3Julie Christie as Lara Antipova
16.8%
4Lauren Bacall as Marie 'Slim' Browning
16.5%
3Renée Zellweger as Dorothy Boyd
15.6%
4Kristin Scott Thomas as Katharine Clifton
9.7%
5Deborah Kerr as Terry McKay
7.4%

You're not logged in!

Compare scores with friends on all Sporcle quizzes.
OR
Log In

Show Comments

Extras

Top Quizzes Today


Score Distribution

Your Account Isn't Verified!

In order to create a playlist on Sporcle, you need to verify the email address you used during registration. Go to your Sporcle Settings to finish the process.

Report this User

Report this user for behavior that violates our Community Guidelines.

Details: